000 00295 a2200145 4500
001 49895
020 _a9788574067858
040 _cAnchieta - Bela Vista
240 1 0 _aL de livro
_lpor
245 1 0 _aL de livro
300 _a26
362 0 _a2017
650 4 _aLiteratura infantil
942 _cBK
999 _c49895
_d49895